Jak dobrze znasz produkty firmy FERRERO? - Statystyki

Ogólne statystyki
  • Ten quiz został rozwiązany 98 razy
  • Średni wynik to 5 z 20
Statystyki odpowiedzi
Opis Odpowiedź % Poprawnych
Wszyscy znają ten krem, który od ponad 50 lat gości na stołach milionów ludzi na całym świecie. Nutella
96%
Pokryte pyszną czekoladą Kinder, dostarcza dzieciom zabawy i rozrywki, a także emocje odkrywania. Kinder Niespodzianka
69%
Pyszny batonik z lekkim orzechowym nadzieniem w kruchym wafelku oblanym delikatną mleczną czekoladą. Jedno opakowanie zawiera dwa pyszne batoniki. Kinder Bueno
55%
Baton z mlecznej czekolady wypełniony mlecznym nadzieniem z dodatkiem ziaren 5 zbóż: jęczmienia, pszenicy, orkiszu, ryżu i gryki. Kinder Country
41%
Cudownie delikatne połączenie smaków: kruche, migdałowe serce w aksamitnym kremie, otulone płatkami kokosa. Raffaello
36%
Przepyszna chrupiąca przekąska wypełniona powyższym kremem. Nutella B-ready
35%
Oto kanapka biszkoptowa z dużą zawartością mlecznego kremu. Mleczna Kanapka
34%
Potocznie zwane po prostu Kinderkami. Kinder Chocolate
31%
To puszyste mleczne nadzienie z płynnym karmelem w delikatnym wafelku oblanym czekoladą z chrupiącymi kawałkami orzechów. Kinder Maxi King
28%
Mieniące się złotem opakowanie pralin podkreśla ich wyjątkowość. Ferrero Rocher
27%
Pyszny batonik z delikatnym biszkoptem, puszystym mlecznym nadzieniem i chrupiącą czekoladą bez barwników i konserwantów. Kinder Pingui
14%
Chrupiący wafelek z delikatnym kremem orzechowym, oblany wyśmienitą mleczną czekoladą. Duplo
11%
Puszysty biszkopt z pysznym mleczno-kakaowym nadzieniem. Kinder Delice
11%
Delikatny mleczny krem, kawałki orzecha laskowego oblane pyszną, mleczną czekoladą. Oddzielnie zapakowane czekoladki, idealne do dzielenia! Kinder Schoko-Bons
10%
Jedyny produkt, który łączy w sobie pyszny smak mlecznego i mleczno-kakaowego kremu z dwoma chrupiącymi wafelkami. Kinder Joy
8%
Mała rzecz a świeży! Tic Tac
8%
W jego skład wchodzą dwa powyższe oraz Rondnoir. Ferrero Collection
5%
Lodówkowa wersja powyższego produktu. Dwa małe kawałki w jednym opakowaniu. Kinder Choco Fresh
4%
Pralinki z gorzkiej czekolady najwyższej jakości skrywające wewnątrz pyszną czereśnię zatopioną w orzeźwiającym likierze. Mon Cheri
4%
Dzięki trzem świeżym smakom zapewniają wyjątkowe i intensywne odświeżenie. Tic Tac Gum
1%
Nie znaleziono quizów pasujących do podanych kryteriów
Rozkład punktacji
Procent ludzi z każdym wynikiem
Percentyl według liczby udzielonych odpowiedzi
Twoja historia wyników
Nie rozwiązałeś tego quizu